1068 1244 1906 1828 1160 1179 1457 1632 1067 1443 1621 1810 1170 1541 1504 1733 1446 1392 1265 1974 1696 1470 1911 1997 1849 1991 1722 1368 1244 1323 1958 1320 1033 1756 1933 1725 1883 1780 1298 1772 1216 1617 1564 1829 1895 1557 1207 1257 1589 1540 1743 1148 1460 1419 1705 1906 1955 1859 1508 1326 1840 1255 1760 1288 1526 1870 1093 1894 1947 1311 1504 1572 1739 1977 1118 1650 1184 1004 1417 1292 1120 1211 1180 1767 1418 1779 1294 1380 1783 1279 1659 1859 1834 1787 1155 1193 1241 1490 1510 BCNSPRNW ULIB Ver.6.0+V

เปลี่ยนเป็นภาษาไทย

Change to English
 แสดงรายละเอียดบรรณานุกรม
  กลับหน้าหลัก

Brief Record : Get Marc (ISO 2709) : E-mail record : QR code < ปิดหน้าต่าง
LEADER : 00000nam 2200000uu 4500
001    13399128383
003     ULIB
008    020711s2562 th a 000 0 tha d
020    ^a9786165653312
060    ^aWW205^bอ332C
100    ^aอรพรรณ อาญาสิทธิ์
245    ^aCOMMON EYELID DISEASES =^bโรคของหนังตาที่พบบ่อย/^cอรพรรณ อาญาสิทธิ์
250    ^aพิมพ์ครั้งที่ 1
260    ^aกรุงเทพฯ :^bสหมิตรพัฒนาการพิมพ์,^c2562
300    ^a220 หน้า;^b26 ซม.
650    ^aหนังตา^xโรค
945    ^p620^l0^i009888
945    ^p620^l0^i009889
945    ^p620^l0^i009890
999    ^aประนอม เกษจรัล
รายการนี้ยังไม่มีแท็ก
คุณยังไม่ได้ล็อกอิน คุณสามารถมีกิจกรรมร่วมกับเว็บไซต์ได้ แต่ต้องล็อกอินก่อน ::
  ล็อกอิน

รายการสื่อสารสนเทศ

ลำดับที่ ประเภท เลขเรียก/บาร์โค้ด สถานที่ สถานะ
1. วิทยาศาสตร์การแพทย์ และสุขภาพ
หนังสือสำรอง
สถานะ=หนังสือสำรอง
WW205 อ332C ฉ.1 
  Barcode: 009888
ห้องสมุดวิทยาเขตสวรรค์ประชารักษ์
►หนังสือทั่วไป
บนชั้น
2. วิทยาศาสตร์การแพทย์ และสุขภาพ
วิทยาศาสตร์การแพทย์ และสุขภาพ
WW205 อ332C ฉ.2 
  Barcode: 009889
ห้องสมุดวิทยาเขตสวรรค์ประชารักษ์
►หนังสือทั่วไป
บนชั้น
3. วิทยาศาสตร์การแพทย์ และสุขภาพ
วิทยาศาสตร์การแพทย์ และสุขภาพ
WW205 อ332C ฉ.3 
  Barcode: 009890
ห้องสมุดวิทยาเขตสวรรค์ประชารักษ์
►หนังสือทั่วไป
บนชั้น

รายการใกล้เคียง
    ผู้แต่ง [อรพรรณ อาญาสิทธิ์]

BibComment


ยังไม่เคยถูกคอมเมนท์

คอมเมนท์ทรัพยากรรายการนี้
  คอมเมนท์: COMMON EYELID DI..


 Copyright 2026. Bcnsprnw @Library